000 00357 a2200109 4500
001 ART_27804
005 20260410161949.0
008 260409a
245 1 0 _aLa función geopolítica de los caminos en situaciones de conflicto y de cooperación
100 1 _aSisti, Ramón A.
773 0 _tInvenio
_g- Año 1, Nº 2 (nov. 1998)
_wREV27781
999 _c30237
_d30237